000 00580nam a2200241 a 4500
001 nice12345678
003 IN_TiNIC
005 20260116012952.0
008 050524s1983 rama grp 000 0 urd
020 _a
_c100
082 0 0 _a297.52
_bMUH1
100 _aMuhammad, Maulvi
245 _aNamaaz Ka Urdu Tarjuma
260 _aRampur
_bSharafat Printing Press
_c1983
300 _a16p
500 _aincludes index and biblioraphy
505 2 _aManuscript.
650 _aIslam-Prayers
700 1 _aMuhammad, Maulvi
902 _bSRS
942 _cBK
999 _c9104
_d9104